Statistics for Birds by picture

Click here to take the quiz!

General Stats

  • This quiz has been taken 190 times
    (176 since last reset)
  • The average score is 10 of 14

Answer Stats

Answer % Correct
ostrich
95%
peacock
95%
eagle
94%
toucan
93%
dodo
90%
kingfisher
89%
grey heron
80%
vulture
76%
cassowary
71%
osprey
57%
blue tit
43%
bullfinch
35%
nightjar
25%
cock of the rock
20%

Score Distribution

Percentile by Number Answered

Percent of People with Each Score

Your Score History

You have not taken this quiz since the last reset